书目信息 |
| 题名: |
结构生物学
|
|
| 作者: | 梁毅 | |
| 分册: | ||
| 出版信息: | 北京 科学出版社 2010 |
|
| 页数: | 301 | |
| 开本: | 24cm | |
| 丛书名: | ||
| 单 册: | ||
| 中图分类: | Q61 | |
| 科图分类: | ||
| 主题词: | 理论生物物理学 | |
| 电子资源: | ||
| ISBN: | 7-03-028621-5 | |
| 000 | 00514nam0 2200193 450 | |
| 001 | 1735846483 | |
| 005 | 20170410095726.48 | |
| 010 | @a7-03-028621-5 | |
| 100 | @a20170410d km y0chiy0120 ea | |
| 101 | 0 | @achi |
| 200 | 1 | @a结构生物学@Ajie gou sheng wu xue@f梁毅@Fliang yi |
| 205 | @a2版 | |
| 210 | @a北京@c科学出版社@d2010 | |
| 215 | @a301@d24cm | |
| 606 | 0 | @a理论生物物理学 |
| 690 | @aQ61@v4 | |
| 701 | 0 | @a梁毅@Aliang yi |
| 801 | 0 | @aCN@b大连网信软件有限公司图书馆·11@c20170410 |
| 905 | @b6604232@dQ61@en3@f1 | |
| 结构生物学/梁毅.-2版.-北京:科学出版社,2010 |
| 301;24cm |
| ISBN 7-03-028621-5: |
| ● |
| 相关链接 |
|
|
|
|
正题名:结构生物学
索取号:Q61/n3
 
预约/预借
| 序号 | 登录号 | 条形码 | 馆藏地/架位号 | 状态 | 备注 |
| 1 | 6604232 | 266042329 | 密集书库-生命科学系/ [索取号:Q61/n3] | 在馆 |